| 000 | 00322nam a2200121Ia 4500 | ||
|---|---|---|---|
| 008 | 190216s9999||||xx |||||||||||||| ||und|| | ||
| 100 | _aSharma & Malhotra | ||
| 245 | 0 | _a"Economic Development Of India,England,Russia And Japan" | |
| 260 |
_bNew Accademic Pub _c1972 |
||
| 300 | _a124p | ||
| 650 | _aCommerce | ||
| 942 | _cBK | ||
| 999 |
_c4569 _d4569 |
||